000 00457nam a2200181Ia 4500
003 GCL
008 140319s9999 xx 000 0 eng d
040 _aGCL /
_cGCL
082 0 4 _a1155.4
_bJ C
100 1 _aJOHN MESHARE
245 1 0 _aCOGNITIVE DEVELOPMCNT /
_cJOHN MESHARE
260 _a[S.N] :
_bBLACK WELL
300 _a387P.
650 0 4 _aCOGNITION IN CHILDERN
650 0 4 _aCOGNITIVE DEVELOPMENT
650 0 4 _aHUMAN INFORMATION
942 _2ddc
_cBK
999 _c11568
_d11568